000 01033nam a2200265Ia 4500
003 OSt
005 20220923211305.0
006 a|||||r|||| 00| 0
007 ta
008 220922b |||||||| |||| 00| 0 hin d
020 _a9788179651964 (hbk)
_c350
024 _a289,604
037 _b385, 16/03/2016, Eastern Book Linkers
_cTextual
040 _aARTS
_cARTS
_bhin
041 _2hin
_ahin
082 _aO152:gP, Q1
100 _aमिश्र, राजेन्द्र
245 0 _aभविष्य का साहित्य
_b 21 वीं सदी की अवधारणा
246 _aBhaviṣhya kā sāhitya: 21 vīan sadī kī avadhāraṇā
260 _aनई दिल्ली
_b तक्षशिला प्रकाशन
_c2011
300 _a206पृ.
_ccm.
650 _aहिन्दी साहित्य
_9156264
942 _hO152:gP, Q1
_cTEXL
_2CC
999 _c298177
_d298177